000 00514nam a2200181 i 4500
001 52150
003 ES-MaACL
005 20230906162530.0
007 t|
008 030826s1964 sp ||||1| spa d
100 1 _aChauchard, Paul.
_938194
245 1 3 _aEl equilibrio sexual /
_cPaul Chauchard ; [traducción por Armina Serna].
250 _a[1ª ed.].
260 _aBarcelona :
_bFontanella,
_c1964.
300 _a78 p. ;
_c18 cm.
700 1 _aSerna, Armina.
_9105563
852 _aES-MaACL
_jC-26924
_bR.55758
999 _c52150
_d52150